CONTABILIDAD DE COSTOS (Registro nro. 3297)
[ vista simple ]
| 000 -LEADER | |
|---|---|
| fixed length control field | 00516nam a2200193 a 4500 |
| 001 - CONTROL NUMBER | |
| control field | 3297 |
| 005 - DATE AND TIME OF LATEST TRANSACTION | |
| control field | 20180713183233.0 |
| 008 - FIXED-LENGTH DATA ELEMENTS--GENERAL INFORMATION | |
| fixed length control field | 140415s1978 000 0 spa d |
| 041 ## - LANGUAGE CODE | |
| Language code of text/sound track or separate title | spa |
| 082 ## - DEWEY DECIMAL CLASSIFICATION NUMBER | |
| Classification number | 657.42 |
| Item number | LAW |
| 100 1# - MAIN ENTRY--PERSONAL NAME | |
| Personal name | LAWRENCE, W.B. |
| 245 10 - TITLE STATEMENT | |
| Title | CONTABILIDAD DE COSTOS |
| 250 ## - EDITION STATEMENT | |
| Edition statement | 2a ed. |
| 260 ## - PUBLICATION, DISTRIBUTION, ETC. | |
| Place of publication, distribution, etc. | [s.l.] : |
| Name of publisher, distributor, etc. | UTEHA, |
| Date of publication, distribution, etc. | 1978 |
| 300 ## - PHYSICAL DESCRIPTION | |
| Extent | 2 |
| 490 ## - SERIES STATEMENT | |
| Series statement | BIBLIOTECA UTEHA DE CONTABILIDAD SUPERIOR |
| Volume/sequential designation | 7 |
| 650 14 - SUBJECT ADDED ENTRY--TOPICAL TERM | |
| Topical term or geographic name entry element | CONTABILIDAD DE COSTOS |
| 700 1# - ADDED ENTRY--PERSONAL NAME | |
| Personal name | CONTRO MALO, FRANCISCO |
| Relator term | tr. |
| Withdrawn status | Lost status | Source of classification or shelving scheme | Damaged status | Not for loan | Home library | Current library | Shelving location | Date acquired | Source of acquisition | Total Checkouts | Full call number | Barcode | Price effective from | Koha item type | Collection code | Inventory number | Date last seen | Date last checked out | Total Renewals |
|---|---|---|---|---|---|---|---|---|---|---|---|---|---|---|---|---|---|---|---|
| Extraviado | Dewey Decimal Classification | Biblioteca Karol Wojtyla | Biblioteca Karol Wojtyla | 03/12/2013 | Compra | 657.42 LAW | 14794 | 03/12/2013 | Libro | ||||||||||
| Dewey Decimal Classification | Biblioteca Karol Wojtyla | Biblioteca Karol Wojtyla | Sala general | 03/12/2013 | Compra | 657.42 LAW | 14555 | 11/04/2016 | Libro | General | 151000000000000000024513 | 05/01/2026 | 19/06/2015 | ||||||
| Dewey Decimal Classification | Biblioteca Karol Wojtyla | Biblioteca Karol Wojtyla | Sala general | 03/12/2013 | Compra | 657.42 LAW | 14284 | 11/04/2016 | Libro | General | 151000000000000000024498 | 05/01/2026 | 19/06/2015 | ||||||
| Dewey Decimal Classification | Biblioteca Karol Wojtyla | Biblioteca Karol Wojtyla | Sala general | 03/12/2013 | Compra | 1 | 657.42 LAW | 14793 | 11/04/2016 | Libro | General | 151000000000000000024514 | 05/01/2026 | 24/01/2023 | 1 | ||||
| Dewey Decimal Classification | Biblioteca Karol Wojtyla | Biblioteca Karol Wojtyla | Sala general | 03/12/2013 | Compra | 657.42 LAW | 14283 | 03/12/2013 | Libro | General | 151000000000000000024512 | 05/01/2026 |